Rayo Vallecano Squad 2025-2026 - Statistics

General Stats
  • This quiz has been taken 130 times
    61 since last reset
  • The average score is 20 of 27
Answer Stats
# Position Nation Player % Correct
2 DF Romania Andrei Rațiu
100%
24 DF France Florian Lejeune
90%
- Coach Spain Iñigo Pérez
90%
6 MF Senegal Pathé Ciss
88%
12 FW Morocco Ilias Akhomach
85%
7 FW Spain Isi Palazón
85%
5 DF Italy Luiz Felipe
85%
22 DF Uruguay Alfonso Espino
83%
13 GK Argentina Augusto Batalla
83%
9 FW Brazil Alemão
80%
18 FW Spain Álvaro García
78%
32 DF Senegal Nobel Mendy
78%
23 MF Spain Óscar Valentín
78%
11 MF Angola Randy Nteka
78%
8 MF Argentina Oscar Trejo
75%
21 FW Spain Fran Pérez
70%
20 DF Albania Iván Balliu
70%
19 FW Spain Jorge de Frutos
70%
3 DF Spain Pep Chavarría
70%
17 MF Spain Unai López
70%
1 GK Spain Dani Cárdenas
68%
33 DF Netherlands Jozhua Vertrouwd
68%
4 MF Spain Pedro Díaz
63%
10 FW Spain Sergio Camello
63%
16 DF Ghana Abdul Mumin
60%
15 MF Spain Gerard Gumbau
60%
14 FW Spain Carlos Martín
55%
No matching quizzes found
Score Distribution
Percent of People with Each Score
Percentile by Number Answered
Your Score History
You have not taken this quiz since the last reset